ポケットモンスター きのみの元ネタ - Statistics

General Stats
  • This quiz has been taken 77 times
  • The average score is 27 of 79
Answer Stats
きのみ Answer % Correct
モモンのみ モモ
95%
ナナシのみ ナシ
92%
チーゴのみ イチゴ
91%
オレンのみ オレンジ
89%
クラボのみ サクランボ
88%
ウブのみ ブドウ、カブ
79%
カイスのみ スイカ
79%
ロメのみ メロン
77%
パイルのみ パイナップル
76%
マトマのみ トマト
74%
ベリブのみ ブルーベリー
74%
ザロクのみ ザクロ
73%
ナナのみ バナナ
67%
スターのみ スターフルーツ
62%
ニニクのみ ニンニク
59%
キーのみ カキ
58%
シーヤのみ ヤシ
58%
ドリのみ ドリアン
58%
モコシのみ トウモロコシ
56%
マゴのみ マンゴー
55%
ビスナのみ ナスビ
53%
ウイのみ キウイフルーツ
52%
トウガのみ トウガラシ
52%
ズリのみ ラズベリー
50%
チイラのみ ライチ
48%
カチャのみ カボチャ
48%
ブーカのみ カブ
45%
ノメルのみ レモン
42%
ヤタピのみ ドラゴンフルーツ(ピタヤ)
41%
ラッカのみ ラッカセイ
41%
カゴのみ クリ
38%
ヤゴのみ ゴーヤー
38%
ラムのみ ウメ、プラム
35%
ギネマのみ タマネギ
33%
ヒメリのみ ヒメリンゴ
32%
セシナのみ セイヨウナシ
32%
フィラのみ イチジク
30%
ホズのみ ホオズキ
30%
ホズのみ ホオズキ
30%
エドマのみ エンドウマメ
29%
イアのみ パパイア
26%
ウタンのみ ヒョウタン
26%
ネコブのみ 根昆布
24%
オッカのみ カカオ
24%
ビアーのみ アケビ
24%
トポのみ じゃがいも
24%
タポルのみ ビワ
21%
ズアのみ アンズ
21%
クオのみ オクラ
21%
ゴスのみ マンゴスチン
20%
ミクルのみ ミラクルフルーツ
20%
ラブタのみ ランブータン
18%
ナモのみ オナモミ
18%
イトケのみ パッションフルーツ(クダモノトケイソウ)
15%
シュカのみ カシューナッツ
15%
バンジのみ グアバ(バンジロウ)
14%
ヨプのみ レンブ(チョンプー)
11%
ヨロギのみ チョロギ
11%
レンブのみ レンブ、ミズレンブ
11%
ノワキのみ ツノニガウリ(キワノ)
9%
オボンのみ ザボン
8%
ヤチェのみ チェリモヤ
8%
ブリーのみ ブラックベリー
6%
リュガのみ リュウガン
6%
カシブのみ ブッシュカン
5%
リリバのみ ビリバ
5%
ソクノのみ ロウソクノキ
3%
リンドのみ タマリンド
3%
ジャポのみ ジャボチカバ
3%
ロゼルのみ ローゼル
3%
アッキのみ アキー
3%
ポフのみ ホップ
3%
バコウのみ ババコウ
2%
タンガのみ ピタンガ
2%
ハバンのみ テリハバンジロウ
2%
カムラのみ サラクヤシ(ラカム)
2%
サンのみ ランサット(ランサ)
2%
イバンのみ バンレイシ
2%
タラプのみ タラップ
2%
No matching quizzes found
Score Distribution
Percent of People with Each Score
Percentile by Number Answered
Your Score History
You have not taken this quiz